| 000 | 01390nam a2200361 i 4500 | ||
|---|---|---|---|
| 001 | 197827 | ||
| 003 | ES-MaACL | ||
| 005 | 20251022063026.0 | ||
| 007 | ta | ||
| 008 | 250919s2025 sp a|||| |||| 000 1 spa d | ||
| 020 | _a979-13-990962-1-7 | ||
| 040 |
_bspa _cES-MaACL |
||
| 080 | _a821.134.2-14"19"(082.2) | ||
| 245 | 0 | 0 |
_aCon el paso del tiempo : _bpoesía española de la Transición a la actualidad : antología conmemorativa de Florilegium, poesía última española (1982) / _cElena de Jongh |
| 250 | _aPrimera edición, 2025 | ||
| 264 | 1 |
_aMadrid : _bEdiciones Vitruvio, _c2025 |
|
| 300 |
_a459 páginas : _bilustraciones, _c24 cm |
||
| 336 |
_2rdacontent _aTexto |
||
| 337 |
_2rdamedia _asin mediación |
||
| 338 |
_2rdacarrier _avolumen |
||
| 490 | 1 |
_aColección Baños del Carmen; _v1057 |
|
| 500 | _aEjemplar firmado y dedicado por la autora | ||
| 504 | _aBibliografía: páginas [561-564] | ||
| 650 | 4 |
_916177 _aPoesía española- _yS.XX |
|
| 655 | 7 |
_2tgfbne _9176539 _aPoesías |
|
| 655 | 0 |
_9176540 _aAntologías |
|
| 700 | 1 |
_9242276 _aJongh, Elena de _ecom |
|
| 852 |
_aES-MaACL _cDEPO1 _jA-15779 _xEncuadernación rústica con solapas _zDedicatoria autógrafa de la autora _hDonación : Elena de Jongh _9206805 |
||
| 942 |
_cMONOGRAFIA _n0 |
||
| 999 |
_c197827 _d197827 |
||